000 00427nam a2200157Ia 4500
005 20250624012412.0
008 240331s9999 xx 000 0 und d
020 _a9559581104
082 _bWIJ
_a335
100 _aWijegunasinghe,P
245 0 _aSucharitha gamlathta erehiva maxwadee kala vicharaye muuladharma
260 _c1995
300 _a336 p .,
500 _aA book on Principles of Marxist Art Criticism
942 _cL
999 _c5035
_d5035